00372nam a2200121 i 4500001000300000100001600003245005600019260002100075040000800096041000800104008004100112856009700153bg1 aKORBIEL, L. 0aTurbo Pascal :bprogramy dydaktyczne /cL. Korbiel. aWarszawa,c1992. cBPK apol s pl f |000 0 pol  uhttp://koha.tu.koszalin.pl/cgi-bin/koha/opac-detail.pl?biblionumber=5429yKatalog online BPK